000 00584nam a2200217Ia 4500
003 AR-BeUNQ
005 20240429195357.0
008 221202s9999 xx 000 0 und d
020 _a9789500104555
040 _aAR-BeUNQ
_bspa
_eaacr
_cAR-BeUNQ
100 _aChorny, Fernando.
245 0 _aMatemática 4
250 _a1a ed.
260 _aBuenos Aires
_bEstrada
_c2015
300 _a224 P. ;
_bil. ;
_c28 x 20 cm
490 _aEstrada Secundaria
546 _aEspañol
700 _aSalpeter, Claudio.
929 _bEESN| 15
_e2018
_aDONACION
_j59783
_fPAT0081490
942 _cLIB
_n0
999 _c417
_d417